Dead by Daylight Offerings - Statistics

General Stats
  • This quiz has been taken 49 times
    11 since last reset
  • The average score is 43 of 82
Answer Stats
Offering Type Offering % Correct
Basement Location Bloodied Blueprint
100%
Bloodpoints - All Categories Bloody Party Streamers
100%
Memento Mori Ebony Memento Mori
100%
Bloodpoints - All Categories Escape! Cake
100%
Memento Mori Ivory Memento Mori
100%
Realm Selection RPD Badge
100%
Bloodpoints - All Categories Survivor Pudding
100%
Luck - All Survivors Vigo's Jar of Salty Lips
100%
Realm Selection Azarov's Key
80%
Realm Selection Crow's Eye
80%
Hook Distance Putrid Oak
80%
Ward Sacrificial Ward
80%
Hatch Location Vigo's Blueprint
80%
Ward White Ward
80%
Realm Selection Airlock Doors
60%
Hatch Location Annotated Blueprint
60%
Ward Black Ward
60%
Bloodpoints - All Categories Bound Envelope
60%
Chest Count Cut Coin
60%
Realm Selection Hawkins National Laboratory ID
60%
Bloodpoints - All Categories Hollow Shell
60%
Realm Selection Jigsaw Piece
60%
Realm Selection Mary's Letter
60%
Hook Distance Mouldy Oak
60%
Fog Thickness Murky Reagent
60%
Hook Distance Petrified Oak
60%
Bloodpoints - All Categories Sealed Envelope
60%
Realm Selection Shattered Bottle
60%
Shroud Shroud of Separation
60%
Realm Selection Strode Realty Key
60%
Realm Selection Yamaoka Family Crest
60%
Realm Selection Alien Flora
40%
Bloodpoints - Deviousness Ardent Raven Wreath
40%
Bloodpoints - Sacrifice Ardent Shrike Wreath
40%
Bloodpoints - Hunter Ardent Spotted Owl Wreath
40%
Bloodpoints - Brutality Ardent Tanager Wreath
40%
Realm Selection Beef Tallow Mixture
40%
Luck - All Survivors Black Salt Statuette
40%
Bloodpoints - Objectives Bog Laurel Sachet
40%
Luck - Personal Chalk Pouch
40%
Realm Selection Charred Wedding Photograph
40%
Fog Thickness Clear Reagent
40%
Luck - Personal Cream Chalk Pouch
40%
Bloodpoints - Survival Crispleaf Amaranth Sachet
40%
Realm Selection Damaged Photo
40%
Bloodpoints - Deviousness Devout Raven Wreath
40%
Bloodpoints - Sacrifice Devout Shrike Wreath
40%
Bloodpoints - Hunter Devout Spotted Owl Wreath
40%
Bloodpoints - Brutality Devout Tanager Wreath
40%
Fog Thickness Faint Reagent
40%
Bloodpoints - Objectives Fragrant Bog Laurel
40%
Bloodpoints - Survival Fragrant Crispleaf Amaranth
40%
Bloodpoints - Boldness Fragrant Sweet William
40%
Bloodpoints - Objectives Fresh Bog Laurel
40%
Bloodpoints - Survival Fresh Crispleaf Amaranth
40%
Bloodpoints - Boldness Fresh Sweet William
40%
Realm Selection Grandma's Cookbook
40%
Fog Thickness Hazy Reagent
40%
Realm Selection Heart Locket
40%
Realm Selection Ichorous Loam
40%
Luck - Personal Ivory Chalk Pouch
40%
Realm Selection MacMillan's Phalanx Bone
40%
Bloodpoints - Deviousness Raven Wreath
40%
Hook Distance Rotten Oak
40%
Luck - All Survivors Salt Pouch
40%
Chest Count Scratched Coin
40%
Realm Selection Shattered Glasses
40%
Chest Count Shiny Coin
40%
Bloodpoints - Sacrifice Shrike Wreath
40%
Shroud Shroud of Union
40%
Shroud Shroud of Vanishing
40%
Bloodpoints - Hunter Spotted Owl Wreath
40%
Bloodpoints - Boldness Sweet William Sachet
40%
Bloodpoints - Brutality Tanager Wreath
40%
Chest Count Tarnished Coin
40%
Realm Selection The Last Mask
40%
Realm Selection The Pied Piper
40%
Basement Location Torn Blueprint
40%
Shroud Vigo's Shroud
40%
Bloodpoints - Altruism Fragrant Primrose Blossom
20%
Bloodpoints - Altruism Fresh Primrose Blossom
20%
Bloodpoints - Altruism Primrose Blossom Sachet
20%
No matching quizzes found
Score Distribution
Percent of People with Each Score
Percentile by Number Answered
Your Score History
You have not taken this quiz since the last reset